Normal view MARC view
  • Educación no formal

Entry Materia

Number of records used in: 105

001 - NÚMERO DE CONTROL DEL REGISTRO

  • campo de control: 9143

003 - IDENTIFICADOR DE NUMERO DE CONTROL

  • campo de control: UPN

005 - FECHA Y HORA DE LA ÚLTIMA TRANSACCIÓN

  • campo de control: 20240703123130.0

008 - DATOS DE LONGITUD FIJA

  • campo de control de longitud fija: 221018n| acnnnbabn | ana |d

035 ## - NÚMERO DE CONTROL DEL SISTEMA

  • Número de control del sistema: UPN10000009149

040 ## - FUENTE DE LA CATALOGACIÓN

  • Agencia de transcripción: UPN
  • Lengua de catalogación: spa
  • Centro catalogador de origen: UPN

046 ## - FECHAS CON CODIFICACIÓN ESPECIAL

  • Fecha final para contenidos agregados: 220912

053 #4 - NÚMERO CLASIFICADOR - BIBLIOTECA DEL CONGRESO (LC)

  • Elemento numérico de la clasificación - Número único o no. inicial del rango: LC45.3

150 ## - ENCABEZAMIENTO - TEMÁTICO

  • Término de materia o nombre geográfico como elemento inicial: Educación no formal

450 ## - VÉASE - MATERIA

  • Encabezamiento temático: Educación informal

450 ## - VÉASE - MATERIA

  • Subcampo de control: g
  • Encabezamiento temático: Educación para adultos

670 ## - FUENTE EN LA QUE SE LOCALIZARON DATOS

  • Cita de la fuente: LC
  • Información localizada: Non-formal education

902 ## - CATALOGADOR

  • Catalogador: LG/270799